000 00407nam a2200145Ia 4500
003 GCL
008 140319s9999 xx 000 0 eng d
040 _aGCL /
_cGCL
082 0 4 _a949.5
_bU I
100 1 _aUNDER-SECRETARY OF STATE PRESS
245 1 0 _aIN GREECE /
_cUNDER-SECRETARY OF STATE PRESS
260 _a[S.N] :
_bUNDER - SECRETARY OF STATE FOR PRESS ،
_c1937
650 0 4 _aGREECE
942 _2ddc
_cBK
999 _c15402
_d15402